Giáo trình kinh tế bảo hiểm

Uloženo v:
Podrobná bibliografie
Hlavní autor: Hoàng Mạnh Cừ
Médium: Kniha
Jazyk:Vietnamese
Vydáno: Giáo dục 2007
Tagy: Přidat tag
Žádné tagy, Buďte první, kdo otaguje tento záznam!
Thư viện lưu trữ: Mạng thư viện Đại học Đà Nẵng
LEADER 00625nam a2200277 4500
001 000025601
003 1166
005 20150325120000.0
008 150325s vm 000 vie
020 |c 23000,0000 
040 |a D4 
100 |a Hoàng Mạnh Cừ 
245 |a Giáo trình kinh tế bảo hiểm 
260 |b Giáo dục  |c 2007 
300 |a 218tr. ; 
OWN |a LTT 
999 |a From the UDN01 
TYP |a Monograph 
TYP |a Printed language 
980 |a Mạng thư viện Đại học Đà Nẵng